Polityka spoleczna i gospodarcza

Gespeichert in:
Bibliographische Detailangaben
Weitere Verfasser: Barteczek, Andrzej
Format: Buch
Sprache:Polnisch
Englisch
Veröffentlicht: Katowice Akademia Ekonomiczna im. Karola Adamieckiego 1998
Schriftenreihe:Studia Ekonomiczne 1
Schlagworte:
Tags: Tag hinzufügen
Keine Tags, Fügen Sie das erste Tag hinzu!

MARC

LEADER 00000nam a2200000 4500
001 c109707
005 20221124070808.7
020 |a 83-87265-04-7 
041 0 |a pol 
041 0 |a eng 
044 |a PL 
245 1 0 |a Polityka spoleczna i gospodarcza  |c [redaktor naukowy: Andrzej Barteczek] 
264 1 |a Katowice  |b Akademia Ekonomiczna im. Karola Adamieckiego  |c 1998 
300 |a 201 s. 
490 1 |a Studia Ekonomiczne  |v 1 
830 0 |a Studia Ekonomiczne  |v 1 
610 2 0 |a politika sociálna 
610 2 0 |a politika hospodárska 
610 2 0 |a politika regionálna 
610 2 0 |a urbanizácia 
610 2 0 |a mestá 
610 2 0 |a regióny 
610 2 0 |a obce 
610 2 0 |a pomoc sociálna 
610 2 0 |a systémy ekonomické 
610 2 0 |a ochrana prostredia životného 
610 2 0 |a nástroje ekonomické 
610 2 0 |a trh práce 
610 2 0 |a zamestnanosť 
610 2 0 |a transformácia 
610 2 0 |a ochrana zdravia 
610 2 0 |a úroveň životná 
610 2 0 |a Izrael 
610 2 0 |a Poľsko 
700 1 |a Barteczek, Andrzej